| Tag |
First Indicator |
Second Indicator |
Subfields |
| LEADER |
00000cam a2200000 4500 |
| 001 |
in00000039206 |
| 005 |
20151007081557.0 |
| 008 |
731130s1971 maua 00010 eng u |
| 035 |
|
|
|a (OCoLC)00752215
|
| 035 |
|
|
|9 AAF6592AM
|
| 040 |
|
|
|c TOL
|d OCL
|d TXA
|d UtOrBLW
|
| 049 |
|
|
|a TXAM
|c [930645]
|
| 090 |
|
|
|a HD69.N4
|b B3
|
| 100 |
1 |
|
|a Baker, Michael J.,
|d 1935-
|
| 245 |
1 |
4 |
|a The adoption of industrial products ;
|b an exploration of the influence of "management attitudes" on acceptance of two industrial innovations /
|c by Michael J. Baker.
|
| 264 |
|
1 |
|a Cambridge, Mass. :
|b Marketing Science Institute,
|c 1971.
|
| 300 |
|
|
|a iii, 61 pages :
|b illustrations ;
|c 28 cm.
|
| 336 |
|
|
|a text
|b txt
|2 rdacontent
|
| 337 |
|
|
|a unmediated
|b n
|2 rdamedia
|
| 338 |
|
|
|a volume
|b nc
|2 rdacarrier
|
| 490 |
1 |
|
|a Working paper / Marketing Science Institute
|
| 490 |
1 |
|
|a Preliminary research report - Marketing Science Institute
|
| 500 |
|
|
|a "P-64."
|
| 504 |
|
|
|a Includes bibliographical references.
|
| 650 |
|
0 |
|a New products.
|
| 650 |
|
0 |
|a Technological innovations.
|
| 650 |
|
0 |
|a Diffusion of innovations.
|
| 710 |
2 |
|
|a Marketing Science Institute.
|
| 830 |
|
0 |
|a Working paper (Marketing Science Institute)
|
| 830 |
|
0 |
|a Preliminary research report (Marketing Science Institute)
|
| 999 |
|
|
|a MARS
|
| 999 |
f |
f |
|s 52a0c227-2bbe-377b-9908-5a2691f0fc9f
|i 5c241667-552b-3ca1-81fd-f1903ee90305
|t 0
|
| 952 |
f |
f |
|p ric
|a Texas A&M University
|b Rellis Campus
|c Joint Library Facility
|d Remote Storage
|t 0
|e HD69.N4 B3
|h Library of Congress classification
|i unmediated -- volume
|m A14802636896
|
| 998 |
f |
f |
|a HD69.N4 B3
|t 0
|l Remote Storage
|